|
|
|
|
| LEADER |
01030nam a22002057a 4500 |
| 082 |
|
|
|a 891.433
|b MIT/V1 N8.M
|
| 100 |
|
|
|a പ്രേമേന്ദ്രമിത്ര
|9 292920
|
| 100 |
|
|
|a Mithra, Premendra
|9 60220
|
| 240 |
|
|
|a Veendum Vasantham
|
| 245 |
|
|
|a വീണ്ടും വസന്തം
|
| 250 |
|
|
|a 1st
|
| 260 |
|
|
|a Kottayam;
|b Sahitya Pravarthaka Co-operative Society Ltd;
|c 1998
|
| 300 |
|
|
|a 94p.
|
| 650 |
|
|
|a സാഹിത്യം; മലയാളം; നോവല് - വിവര്ത്തനം; ഹിന്ദിനോവല് - വിവര്ത്തനം
|9 292921
|
| 650 |
|
|
|a Literature; Malayalam; Novel - Translation; Fiction - Translation; Hindi Novel - Translation
|9 292922
|
| 700 |
|
|
|a ദിനമണി, വിവര്.
|9 292923
|
| 700 |
|
|
|a Dinamoney, Tr.
|9 60223
|
| 942 |
|
|
|c BK
|
| 999 |
|
|
|c 43509
|d 43509
|
| 952 |
|
|
|0 0
|1 0
|4 0
|6 891_431300000000000_MIT_V_N8_M
|7 0
|8 NOVET
|9 50183
|a MAL
|b MAL
|d 2015-08-25
|e 44628
|g 38.00
|l 0
|o 891.4313 MIT/V N8.M
|p MAL044628
|r 2015-08-25
|t 1
|w 2015-08-25
|y BK
|